000 02498nam0a2200361 4500
001 RU\NLR\BIBL_A\012728048
005 20220425100942.0
010 _a978-5-17-144631-4
_93000
021 _aRU
_bКН-П-21-083005
_9КН-П-21-6614
035 _a(NLR Aleph) 012728048
035 _a(RuMoRGB)010895351
090 _a12963023
_c12963023
100 _a20220314d2021 c y0rusy50 ca
101 0 _arus
102 _aRU
105 _aa z 000ay
181 0 _ai3
_baxxe
182 0 _an
200 1 _aЛегенды и мифы Лаврового переулка и другие истории
_e[фантастические истории]
_eдля младшего школьного возраста
_fГригорий Остер
203 _aТекст
_bвизуальный
_cнепосредственный
210 _aМосква
_cАСТ
_d2021
215 _a414, [1] с.
_cил.
_d21
225 1 _aБольшая детская библиотека
327 1 _aСодерж.: Легенды и мифы Лаврового переулка; Мифы и легенды Велтон-парка; Дети и эти
330 _aВ книгу вошли <городские сказки> Григория Остера - <Легенды и мифы Лаврового переулка> и <Мифы и легенды Велтон-парка>. Это истории про городских детей и их родителей, а может быть даже - про их бабушек и дедушек. Истории, разумеется, правдивые, которые каждый день можно наблюдать в каждом дворе. А вот замечательно поучительные рассказы из первой и второй книг цикла <Дети и Эти> написаны для семейного чтения - для тех взрослых и детей, которые никак не могут понять, почему же у них не получается жить мирно, ведь они хотят друг другу только добра. Для младшего школьного возраста
333 _a6+
686 0 _aШ9(2)60=Р7-4
700 1 _aОстер
_bГ. Б.
_f1947 -
_gГригорий Бенционович
_3RU\NLR\AUTH\77563
942 _cBOOK
980 _aNB